000
00208 a2200097 4500
020
_a
9780545239905
041
_a
spa
100
_a
Anne Mazer
245
_a
Mi hermana mg̀ica, mabel gana el premio
942
_c
BK
999
_c
29187
_d
29185